Sports Quiz

Random Sports or NFL Quiz

NFL Passing Yard Leaders by Decade (Game) Quiz Stats

 Plays Quiz Updated Jan 5, 2018

Challenge
Share
Tweet
Embed
Score 0/113 Timer 08:00
11 Plays Today
Decade Player % Correct
2000sPeyton Manning
97.7%
2000sPeyton Manning
97.7%
2010sPeyton Manning
97.7%
2000sPeyton Manning
97.7%
2010sPeyton Manning
97.4%
2010sEli Manning
97.2%
2010sTom Brady
95.6%
2010sTom Brady
95.6%
2010sTom Brady
95.5%
2000sDrew Brees
90.2%
2010sDrew Brees
90.2%
2010sDrew Brees
90.2%
2000sDrew Brees
90.2%
2010sDrew Brees
90.2%
2010sDrew Brees
90.2%
1980sDan Marino
88.4%
1980sDan Marino
88.3%
1980sDan Marino
88.3%
1990sDan Marino
88.3%
1990sDan Marino
88.3%
1990sDan Marino
88.3%
1990sDan Marino
88.3%
1980sJoe Montana
86.8%
1990sJoe Montana
86.8%
1980sJoe Montana
86.8%
2010sBrett Favre
86.2%
1990sSteve Young
83%
1990sSteve Young
83%
1990sSteve Young
83%
2010sDerek Carr
82%
2010sAaron Rodgers
80.4%
2010sBen Roethlisberger
76.8%
2010sBen Roethlisberger
76.5%
2000sBen Roethlisberger
75.6%
2010sPhilip Rivers
74.3%
2010sDrew Brees
74.1%
2010sDrew Brees
73.8%
2010sPhilip Rivers
72.5%
Decade Player % Correct
1990sTroy Aikman
70.3%
2000sKurt Warner
70%
2000sKurt Warner
70%
2000sKurt Warner
70%
2010sMatthew Stafford
68.5%
2010sMatthew Stafford
68.5%
2000sDonovan McNabb
68.3%
2000sDonovan McNabb
68.3%
2010sTony Romo
68.2%
1990sWarren Moon
67.1%
1990sWarren Moon
67.1%
1990sWarren Moon
67.1%
2010sMatt Ryan
62.7%
2010sRussell Wilson
61%
2000sDrew Bledsoe
59.9%
1990sDrew Bledsoe
59.9%
1990sDrew Bledsoe
59.9%
1990sDrew Bledsoe
59.9%
2000sCarson Palmer
57.8%
1980sDan Fouts
56.1%
1980sDan Fouts
56.1%
1980sDan Fouts
56.1%
1980sDan Fouts
56.1%
1980sDan Fouts
56.1%
1980sDan Fouts
56.1%
1990sRandall Cunningham
55%
1980sRandall Cunningham
55%
2000sJay Cutler
54.8%
1980sPhil Simms
54%
1980sVinny Testaverde
53.8%
2000sVinny Testaverde
53.8%
1990sVinny Testaverde
53.8%
1990sBrad Johnson
52.9%
1990sBoomer Esiason
49.3%
1990sBoomer Esiason
49.3%
2010sMatt Schaub
45.9%
2010sMatt Schaub
45.9%
2000sMatt Hasselbeck
44.9%
Decade Player % Correct
1980sDoug Williams
38.6%
1990sJake Plummer
38.5%
2000sJake Plummer
38.5%
1990sJeff Garcia
38.5%
2000sMarc Bulger
37.4%
2000sMarc Bulger
37.4%
2000sMarc Bulger
37.4%
2000sMarc Bulger
37.4%
1990sMark Brunell
32.9%
1990sMark Brunell
32.9%
2010sMatt Flynn
30%
1980sBernie Kosar
29.8%
1990sMark Rypien
29.6%
2000sAaron Brooks
26.4%
2010sMatt Cassel
25.7%
2000sJon Kitna
25.6%
1980sKen O'Brien
24.9%
1980sJim Everett
23.4%
2010sKyle Orton
22.8%
2000sElvis Grbac
22.7%
1980sTommy Kramer
18.4%
1980sTommy Kramer
18.4%
1980sTommy Kramer
18.4%
1980sTommy Kramer
18.4%
1990sJeff Hostetler
18%
1980sNeil Lomax
17.7%
1980sNeil Lomax
17.7%
2000sTommy Maddox
16.1%
1980sBrian Sipe
15.9%
1990sJim Miller
14.6%
1990sSteve Beuerlein
12.5%
1980sRichard Todd
8.9%
1980sRichard Todd
8.9%
2000sGus Frerotte
8.6%
2000sCharlie Batch
7.6%
2000sBilly Volek
7.4%
1980sVince Ferragamo
7%

You're not logged in!

Compare scores with friends on all Sporcle quizzes.
OR
Log In

You Might Also Like...

Show Comments

Extras

Top Quizzes Today


Score Distribution

Your Account Isn't Verified!

In order to create a playlist on Sporcle, you need to verify the email address you used during registration. Go to your Sporcle Settings to finish the process.

Report this User

Report this user for behavior that violates our Community Guidelines.

Details: